书目信息 |
| 题名: |
认知语言学概论
|
|
| 作者: | 程琪龙 编著 | |
| 分册: | ||
| 出版信息: | 北京 外语教学与研究出版社 2001 |
|
| 页数: | 261页 | |
| 开本: | 20cm | |
| 丛书名: | 北京外国语大学语言学研究丛书 | |
| 单 册: | ||
| 中图分类: | H0-05 | |
| 科图分类: | ||
| 主题词: | 神经语言学 | |
| 电子资源: | ||
| ISBN: | 7-5600-1757-6 | |
| 000 | 00873nam0 2200241 45 | |
| 001 | 0312091588 | |
| 005 | 20031219104122.6 | |
| 010 | @a7-5600-1757-6@dCNY11.90 | |
| 100 | @a20031209d2001 km y0chiy0120 ea | |
| 101 | 0 | @achi |
| 105 | @a z 000yy | |
| 200 | 1 | @a认知语言学概论@ARen Zhi Yu Yan Xue Gai Lun@e语言的神经认知基础@EYu Yan De Shen Jing Ren Zhi Ji Chu@f程琪龙编著@FCheng Qi Long Bian Zhu |
| 210 | @a北京@c外语教学与研究出版社@d2001 | |
| 215 | @a261页@d20cm | |
| 225 | @a北京外国语大学语言学研究丛书@f刘润清,胡壮麟主编 | |
| 410 | @12001 @a北京外国语大学语言学研究丛书 | |
| 410 | @1700 0@a胡壮麟@AHu Zhuang Lin@4主编@a刘润清@ALiu Run Qing@4主编 | |
| 517 | @a语言的神经认知基础@AYu Yan De Shen Jing Ren Zhi Ji Chu | |
| 606 | 0 | @a神经语言学 |
| 690 | @aH0-05@v4 | |
| 701 | 0 | @a程琪龙@4编著 |
| 801 | @aCN@bTSTC@c20031209 | |
| 905 | @b329730-734@dH0-05@e100@f5 | |
| 认知语言学概论:语言的神经认知基础/程琪龙编著.-北京:外语教学与研究出版社,2001 |
| 261页;20cm.-(北京外国语大学语言学研究丛书/刘润清,胡壮麟主编) |
| ISBN 7-5600-1757-6:CNY11.90 |
| ● |
| 相关链接 |
|
|
|
|
正题名:认知语言学概论
索取号:H0-05/100
 
预约/预借
| 序号 | 登录号 | 条形码 | 馆藏地/架位号 | 状态 | 备注 |
| 1 | 0329730 | 203297306 | 第四借阅区/ [索取号:H0-05/100] | 在馆 | |
| 2 | 0329731 | 203297315 | 第四借阅区/ [索取号:H0-05/100] | 在馆 | |
| 3 | 0329732 | 203297324 | 第四借阅区/ [索取号:H0-05/100] | 在馆 | |
| 4 | 0329733 | 203297333 | 第四借阅区/ [索取号:H0-05/100] | 在馆 | |
| 5 | 0329734 | 203297342 | 第二样本阅览室/ [索取号:H0-05/100] | 在馆 | |
| 6 | 0329929 | 203299297 | 第四借阅区/ [索取号:H0-05/100] | 在馆 | |
| 7 | 0329930 | 203299304 | 第四借阅区/ [索取号:H0-05/100] | 在馆 | |
| 8 | 0329931 | 203299313 | 第四借阅区/ [索取号:H0-05/100] | 在馆 |